| 000 | 01402nam a2200313 i 4500 | ||
|---|---|---|---|
| 003 | EG-ScBUE | ||
| 005 | 20240128113106.0 | ||
| 008 | 110824s1960 le f 00010 bara d | ||
| 035 | _a1960 / 3 / 167 | ||
| 040 |
_aEG-ScBUE _bara _erda _cEG-ScBUE _dEG-ScBUE |
||
| 082 | 0 | 4 |
_222 _bق و ش _a962.063 |
| 100 | 1 |
_aقوشيه، جورج، _eمؤلف. |
|
| 245 | 1 | 0 |
_aجمال عبد الناصر : _bفي طريق الثورة / _cجورج قوشيه ؛ تعريب نجدة هاجر، دبلوم في العلوم السياسية، سعيد الغز، مجاز في الجغرافيا. |
| 250 | _aالطبعة الأولى. | ||
| 264 | 1 |
_aبيروت : _bمنشورات المكتب التجاري، _c1960. |
|
| 300 |
_a352 صفحة ؛ _c24 سم |
||
| 336 |
_2rdacontent _aنص _btxt |
||
| 337 |
_aبدون وسيط _2rdamedia _bn |
||
| 338 |
_aمجلد _bnc _2rdacarrier |
||
| 500 | _aيشتمل على كشافات. | ||
| 546 | _aالنص باللغة العربية وتم ترجمته من اللغة الإنجليزية. | ||
| 600 | 1 | 7 |
_2BUEsh _aعبد الناصر، جمال، _d1918-1970. |
| 651 | 7 |
_915361 _aمصر _xتاريخ _yالعصر الحديث _yجمال عبد الناصر (1954-1970). _2BUEsh |
|
| 653 | _cApril2012 | ||
| 655 | _vReading book | ||
| 700 | 1 |
_926904 _aهاجر، نجدة، _eمترجم. |
|
| 700 | 1 |
_926905 _aالغز، سعيد، _eمترجم. |
|
| 942 |
_2ddc _cBB |
||
| 999 |
_c15916 _d15916 |
||